000 00474nam a2200145Ia 4500
008 230917s9999||||xx |||||||||||||| ||und||
040 _e206755
_aMAIN
041 _aEnglish
082 _a891.43371109 RF298M:TV
100 _aठाकुर, वैद्यनाथ
245 0 _aमैला आँचलः एक विश्लेषण
260 _aनई दिल्ली
_bयीयूष प्रकाशन
_c2011
300 _a208 पृ. p.
942 _cHN
999 _c176356
_d176356